Εισαγωγή στη βυζαντινή τέχνη και αρχιτεκτονική
Αποθηκεύτηκε σε:
| Κύριος συγγραφέας: | |
|---|---|
| Άλλοι συγγραφείς: | |
| Μορφή: | Βιβλίο |
| Γλώσσα: | Greek English |
| Δημοσίευση: |
Αθήνα :
Ινστιτούτο του Βιβλίου Μ. Καρδαμίτσα,
2010.
|
| Θέματα: | |
| Ετικέτες: |
Προσθήκη ετικέτας
Δεν υπάρχουν, Καταχωρήστε ετικέτα πρώτοι!
|
MARC
| LEADER | 00000cam a2200000 a 4500 | ||
|---|---|---|---|
| 001 | 1/106424 | ||
| 008 | 150520s2010####gr | ||| |||| ||gre|| | ||
| 020 | |a 9789603542667 | ||
| 040 | |a GR-MyUa |b gre |c GR-MyUa |e AACR2 | ||
| 041 | 1 | |a gre |h eng | |
| 082 | 7 | |a 709.0214 |2 (23) | |
| 100 | 1 | |a Rodley, Lyn, |d 1944- | |
| 245 | 1 | 0 | |a Εισαγωγή στη βυζαντινή τέχνη και αρχιτεκτονική / |c Lyn Rodley ; μετάφραση Μυρτώ Βέικου. |
| 260 | |a Αθήνα : |b Ινστιτούτο του Βιβλίου Μ. Καρδαμίτσα, |c 2010. | ||
| 300 | |a xvi, 419 σ. : |b φωτ., σχήμ. ; |c 29 εκ. | ||
| 500 | |a Μετάφραση του: Byzantine art and architecture, an introduction. | ||
| 504 | |a Περιέχει βιβλιογραφικές παραπομπές και ευρετήριο. | ||
| 650 | 0 | |a Art, Byzantine. | |
| 650 | 0 | |a Architecture, Byzantine. | |
| 700 | 1 | |a Βέικου, Μυρτώ, |e trlf | |
| 852 | |a INST |b LESVOS |c EUDOXUS |e 20210531 |h 709.02 ROD |p 005100063260 |q 005100063260 |t EDX |y 0 | ||
| 852 | |a INST |b RHODES |c EUDOXUS |e 20150520 |h 709.0214 ROD |p 005400037725 |q 005400037725 |t BK |y 0 | ||
| 852 | |a INST |b RHODES |c EUDOXUS |e 20150520 |h 709.0214 ROD |p 005400037726 |q 005400037726 |t BK |y 0 | ||
| 920 | |a Εύδοξος |b Παραγγελία |y Ρόδος-ΤΕΠΑΕΣ |z 2015-05 | ||
| 920 | |a Εύδοξος |b Παραγγελία |y Λέσβος-ΤΚΑΙ |z 2021-05 | ||
| 970 | |z 20-05-2015 | ||